| 000 | 00777nam a2200241Ia 4500 | ||
|---|---|---|---|
| 008 | 191130s1995##################000#0#eng## | ||
| 020 | _a1858982421 | ||
| 022 | _a94040773 | ||
| 040 |
_aACL _cACL |
||
| 082 | _a330.1556 HEN | ||
| 100 | _aHennipman, Pieter | ||
| 245 |
_aWelfare economics and the theory of economic policy _cPieter Hennipman ; edited by Donald Walker, Arnold Heertje, and Hans van den Doel |
||
| 260 |
_aCheltenham, UK _bEdward Elgar _cc1995 |
||
| 300 | _axxiv, 300 p. ; 24 cm | ||
| 500 | _aIncludes bibliographical references and index | ||
| 650 | _aEconomic policy | ||
| 650 | _aWelfare economics | ||
| 700 | _aDoel, Hans van den | ||
| 700 | _aHeertje, Arnold | ||
| 990 | _afdbed3acac10000c4fe98d30a6ae6bac | ||
| 991 | _a42623 | ||
| 999 |
_c93738 _d93738 |
||